سلطة وسائط الإعلام في السياسة / (رقم التسجيلة. 6622)

تفاصيل مارك
000 -الفاتح
عناصر البيانات ثابتة الطول 00947cam a2200241 i 4500
005 - تاريخ ووقت آخر معاملة
حقل ضبط 20260112112424.0
008 - عناصر البيانات ثابتة الطول
عناصر البيانات ثابتة الطول 250721s1999 jo gr 000 0 ara d
041 ## - كود اللغة
كود اللغة لنص/مسار صوت أو عنوان منفصل ara
كود اللغة للأصل eng
082 14 - رقم تصنيف ديوي العشري
رقم التصنيف 303,2
رقم المادة ج ر ي
100 1# - مدخل رئيسي – اسم شخصي
الاسم الشخصي جريبر، دوريس ايه
علاقة الشخص بالعمل/ دوره مؤلف.
245 10 - بيان العنوان
العنوان سلطة وسائط الإعلام في السياسة /
بيان المسؤولية تأليف دوريس إيه جريبر ؛ ترجمة د.أسعد أبو لبدة ؛ مراجعة فاروق جرار.
246 10 - الأشكال المختلفة للعنوان
العنوان الفعلي/العنوان المختصر media power in politics
250 ## - بيان الطبعة
بيان الطبعة الطبعة لأولى.
264 31 - بيانات النشر، التوزيع…إلخ
مكان النشر، التوزيع...إلخ عمان :
اسم الناشر، الموزع...إلخ دار البشير للنشر والتوزيع،
تاريخ النشر، التوزيع...إلخ 1999.
300 ## - الوصف المادي
عدد الوحدات المكونة للوعاء 534 صفحة.
650 17 - مدخل إضافي بالموضوع - مصطلح موضوعي
مصطلح موضوعي أو اسم جغرافي كعنصر مدخل وسائل الإتصال الجماهيري.
650 17 - مدخل إضافي بالموضوع - مصطلح موضوعي
مصطلح موضوعي أو اسم جغرافي كعنصر مدخل السياسة.
650 17 - مدخل إضافي بالموضوع - مصطلح موضوعي
مصطلح موضوعي أو اسم جغرافي كعنصر مدخل الإنتخابات.
650 17 - مدخل إضافي بالموضوع - مصطلح موضوعي
مصطلح موضوعي أو اسم جغرافي كعنصر مدخل الولايات المتحدة.
700 1# - مدخل إضافي - اسم شخصي
الاسم الشخصي أبو لبدة، أسعد
علاقة الشخص بالعمل/ دوره ترجمة
942 ## - بيانات إضافية (كوها)
نوع التنصيف Dewey Decimal Classification
نوع المادة (كوها) كتب
المقتنيات
حالة السحب حالة الفقدان مصدر التصنيف حالة التلف غير قابل للإعارة المكتبة الرئيسية المكتبة الحالية موقع الرف تاريخ التزويد الرقم المتسلسل Total Checkouts رقم الإستدعاء تاريخ آخر ظهور تاريخ الفاتورة نوع المادة (كوها) الباركود
    Dewey Decimal Classification     المكتبة المركزية المكتبة المركزية الإعارة 03/09/2014 1581539   303,2 / ج ر ي 28/07/2025 03/09/2014 كتب PLD00305420
    Dewey Decimal Classification Unchecked   مكتبة أبو علندا العامة مكتبة أبو علندا العامة الإعارة 06/07/2004 337469   303,2/جري 28/07/2025 06/07/2004 كتب  
    Dewey Decimal Classification     مكتبة أم قصير والمقابلين العامة مكتبة أم قصير والمقابلين العامة الإعارة 06/07/2004 337468   303,2/جري 28/07/2025 06/07/2004 كتب 337468
    Dewey Decimal Classification Unchecked   مكتبة الأميرة ايمان العامة مكتبة الأميرة ايمان العامة الإعارة 06/07/2004 337460   303,2/جري 28/07/2025 06/07/2004 كتب  
    Dewey Decimal Classification Unchecked   مكتبة الاميرة بديعة مكتبة الاميرة بديعة الإعارة 06/07/2004 337463   303,2/جري 28/07/2025 06/07/2004 كتب  
    Dewey Decimal Classification Unchecked   مكتبة الجويدة مكتبة الجويدة الإعارة 06/07/2004 337464   303,2/جري 28/07/2025 06/07/2004 كتب  
    Dewey Decimal Classification Unchecked   مكتبة الحسن العامة مكتبة الحسن العامة الإعارة 06/07/2004 337465   303,2/جري 28/07/2025 06/07/2004 كتب  
    Dewey Decimal Classification     مكتبة حمزة العامة مكتبة حمزة العامة الإعارة 06/07/2004 337466   303,2/جري 28/07/2025 06/07/2004 كتب 337466
    Dewey Decimal Classification     مكتبة صويلح العامة مكتبة صويلح العامة الإعارة 06/07/2004 337461   303,2/جري 28/07/2025 06/07/2004 كتب 337461
    Dewey Decimal Classification Unchecked   مكتبة وادي السير العامة مكتبة وادي السير العامة الإعارة 06/07/2004 337470   303,2/جري 28/07/2025 06/07/2004 كتب  
Implemented & Customized by: BBB with SCIT (Smart Chains for Information Technology)

Powered by Koha